000 00995nam0a22002651 4500
001 rc\3737294
005 20250610105924.0
021 _aRU
_b[73-97052]
035 _a(NLR Aleph) 007868854
090 _a7844373
_c7844373
100 _a20130115d1973 |||y0rusy50 ca
101 0 _arus
102 _aRU
105 _ay z |||||
200 1 _aВоенно-патриотическое воспитание в школах Туркмении
_fМ-во нар. образования ТССР. Науч.-исслед. ин-т пед. наук
210 _aАшхабад
_cБ. и.
_d1973
215 _a101 с.
_d20
225 1 _a[Посвящается 50-летию образования ТССР и КП Туркменистана]
606 _aВоенно-патриотическое воспитание в школе
_yТССР
_2psbo
700 1 _aСопиев
_bА.К.
801 0 _aRU
_bNLR
_gpsbo
801 1 _aRU
_bELAR
_2rusmarc
852 _aNLR
_j73-3/9176
942 _cBOOK
980 _aNB